<?xml version="1.0" encoding="UTF-8"?>
<record
    xmlns:xsi="http://www.w3.org/2001/XMLSchema-instance"
    xsi:schemaLocation="http://www.loc.gov/MARC21/slim http://www.loc.gov/standards/marcxml/schema/MARC21slim.xsd"
    xmlns="http://www.loc.gov/MARC21/slim">

  <leader>01845cam a22004934i 4500</leader>
  <controlfield tag="003">PE-LiUPU</controlfield>
  <controlfield tag="005">20250905103938.0</controlfield>
  <controlfield tag="008">150617s1951    ag      rb    000 0 spa d</controlfield>
  <datafield tag="035" ind1=" " ind2=" ">
    <subfield code="a">(Sirsi) a11011</subfield>
  </datafield>
  <datafield tag="040" ind1=" " ind2=" ">
    <subfield code="a">PE-LiUPU</subfield>
    <subfield code="b">spa</subfield>
    <subfield code="c">PE-LiUPU</subfield>
    <subfield code="e">rda</subfield>
  </datafield>
  <datafield tag="049" ind1=" " ind2=" ">
    <subfield code="a">PRUA</subfield>
  </datafield>
  <datafield tag="082" ind1="0" ind2="4">
    <subfield code="a">221.6</subfield>
    <subfield code="b">S823i</subfield>
    <subfield code="2">21</subfield>
  </datafield>
  <datafield tag="100" ind1="1" ind2=" ">
    <subfield code="a">Steinmueller, Jhon E.,</subfield>
    <subfield code="e">autor.</subfield>
  </datafield>
  <datafield tag="245" ind1="1" ind2="0">
    <subfield code="a">Introducci&#xF3;n Especial al Antiguo Testamento /</subfield>
    <subfield code="c">Jhon E. Steinmueller.</subfield>
  </datafield>
  <datafield tag="264" ind1=" " ind2="1">
    <subfield code="a">Buenos Aires :</subfield>
    <subfield code="b">Descl&#xE9;e, de Brouwer,</subfield>
    <subfield code="c">1951.</subfield>
  </datafield>
  <datafield tag="300" ind1=" " ind2=" ">
    <subfield code="a">301 p&#xE1;ginas ;</subfield>
    <subfield code="c">23 cm</subfield>
  </datafield>
  <datafield tag="336" ind1=" " ind2=" ">
    <subfield code="a">text</subfield>
    <subfield code="2">rdacontent</subfield>
  </datafield>
  <datafield tag="337" ind1=" " ind2=" ">
    <subfield code="a">unmediated</subfield>
    <subfield code="2">rdamedia</subfield>
  </datafield>
  <datafield tag="338" ind1=" " ind2=" ">
    <subfield code="a">volume</subfield>
    <subfield code="2">rdacarrier</subfield>
  </datafield>
  <datafield tag="500" ind1=" " ind2=" ">
    <subfield code="a">Obra de introducci&#xF3;n cr&#xED;tica y exeg&#xE9;tica a los libros del Antiguo Testamento.</subfield>
  </datafield>
  <datafield tag="504" ind1=" " ind2=" ">
    <subfield code="a">Incluye bibliograf&#xED;a y notas al pie de p&#xE1;gina.</subfield>
  </datafield>
  <datafield tag="505" ind1="0" ind2=" ">
    <subfield code="a">Libros hist&#xF3;ricos del antiguo testamento -- El pentateuco -- Nombre del pentateuco y de cada uno de sus libros en particular -- Contenido y divisi&#xF3;n del pentateuco -- Origen del pentateuco -- Libros did&#xE1;cticos del Antiguo Testamento: Advertencias generales, La poes&#xED;a en el antiguo testamento -- Libros prof&#xE9;ticos del Antiguo Testamento: los profetas mayores, los profetas menores.</subfield>
  </datafield>
  <datafield tag="526" ind1=" " ind2=" ">
    <subfield code="a">SEG42</subfield>
  </datafield>
  <datafield tag="526" ind1=" " ind2=" ">
    <subfield code="a">SEG41</subfield>
  </datafield>
  <datafield tag="526" ind1=" " ind2=" ">
    <subfield code="a">SEG40</subfield>
  </datafield>
  <datafield tag="526" ind1=" " ind2=" ">
    <subfield code="a">SEG39</subfield>
  </datafield>
  <datafield tag="526" ind1=" " ind2=" ">
    <subfield code="a">P94</subfield>
  </datafield>
  <datafield tag="526" ind1=" " ind2=" ">
    <subfield code="a">P87</subfield>
  </datafield>
  <datafield tag="526" ind1=" " ind2=" ">
    <subfield code="a">P86</subfield>
  </datafield>
  <datafield tag="526" ind1=" " ind2=" ">
    <subfield code="a">P85</subfield>
  </datafield>
  <datafield tag="526" ind1=" " ind2=" ">
    <subfield code="a">P77</subfield>
  </datafield>
  <datafield tag="526" ind1=" " ind2=" ">
    <subfield code="a">P76</subfield>
  </datafield>
  <datafield tag="526" ind1=" " ind2=" ">
    <subfield code="a">P35</subfield>
  </datafield>
  <datafield tag="630" ind1="1" ind2="4">
    <subfield code="a">Biblia.</subfield>
    <subfield code="p">Antiguo Testamento</subfield>
    <subfield code="x">Introducciones.</subfield>
    <subfield code="9">5964</subfield>
  </datafield>
  <datafield tag="630" ind1="2" ind2="4">
    <subfield code="a">Biblia.</subfield>
    <subfield code="p">Antiguo Testamento</subfield>
    <subfield code="x">Cr&#xED;tica, interpretaci&#xF3;n, etc.</subfield>
    <subfield code="9">5050</subfield>
  </datafield>
  <datafield tag="650" ind1="2" ind2="4">
    <subfield code="a">Ex&#xE9;gesis b&#xED;blica.</subfield>
    <subfield code="9">6816</subfield>
  </datafield>
  <datafield tag="910" ind1=" " ind2=" ">
    <subfield code="a">jck</subfield>
  </datafield>
  <datafield tag="942" ind1=" " ind2=" ">
    <subfield code="2">ddc</subfield>
    <subfield code="c">BK</subfield>
  </datafield>
  <datafield tag="980" ind1=" " ind2=" ">
    <subfield code="8">18226</subfield>
    <subfield code="g">Jaime Vilcaz&#xE1;n Jefe de An&#xE1;lisis Documental</subfield>
  </datafield>
  <datafield tag="999" ind1=" " ind2=" ">
    <subfield code="c">1117 | 2 | 3 | 4</subfield>
    <subfield code="d">1117</subfield>
  </datafield>
  <datafield tag="952" ind1=" " ind2=" ">
    <subfield code="r">2025-05-27 20:33:16</subfield>
    <subfield code="i">6</subfield>
    <subfield code="l">3</subfield>
    <subfield code="o">221.6 S823i</subfield>
    <subfield code="p">11317</subfield>
    <subfield code="s">2025-05-26</subfield>
    <subfield code="t">e2</subfield>
    <subfield code="w">2015-06-17</subfield>
    <subfield code="x">FACTEO</subfield>
    <subfield code="y">BK</subfield>
    <subfield code="z">inventario-2023-12-13</subfield>
    <subfield code="1">0</subfield>
    <subfield code="2">ddc</subfield>
    <subfield code="5">0</subfield>
    <subfield code="7">0</subfield>
    <subfield code="8">GEN</subfield>
    <subfield code="f">P35</subfield>
    <subfield code="a">BUL</subfield>
    <subfield code="b">BUL</subfield>
    <subfield code="c">GEN</subfield>
    <subfield code="d">2015-06-17</subfield>
    <subfield code="e">COMPRA</subfield>
  </datafield>
  <datafield tag="952" ind1=" " ind2=" ">
    <subfield code="r">2025-09-05 09:07:26</subfield>
    <subfield code="i">6</subfield>
    <subfield code="l">2</subfield>
    <subfield code="o">221.6 S823i</subfield>
    <subfield code="p">05089</subfield>
    <subfield code="q">2026-11-20</subfield>
    <subfield code="s">2025-09-05</subfield>
    <subfield code="t">e2</subfield>
    <subfield code="w">2015-06-17</subfield>
    <subfield code="x">FACTEO</subfield>
    <subfield code="y">BK</subfield>
    <subfield code="z">inventario-2023-12-13</subfield>
    <subfield code="1">0</subfield>
    <subfield code="2">ddc</subfield>
    <subfield code="5">0</subfield>
    <subfield code="7">0</subfield>
    <subfield code="8">GEN</subfield>
    <subfield code="f">P35</subfield>
    <subfield code="a">BUL</subfield>
    <subfield code="b">BUL</subfield>
    <subfield code="c">GEN</subfield>
    <subfield code="d">2015-06-17</subfield>
    <subfield code="e">COMPRA</subfield>
  </datafield>
</record>
